The Arabian Nights : (Record no. 250171)
[ view plain ]
| 000 -LEADER | |
|---|---|
| fixed length control field | 01335cam a22003133a 4500 |
| 001 - CONTROL NUMBER | |
| control field | 20916 |
| 003 - CONTROL NUMBER IDENTIFIER | |
| control field | PGUSA |
| 005 - DATE AND TIME OF LATEST TRANSACTION | |
| control field | 20140828083439.0 |
| 008 - FIXED-LENGTH DATA ELEMENTS--GENERAL INFORMATION | |
| fixed length control field | 070327s2007||||xxu|||||s|||||000 | eng d |
| 040 ## - CATALOGING SOURCE | |
| Original cataloging agency | PGUSA |
| Language of cataloging | eng |
| 042 ## - AUTHENTICATION CODE | |
| Authentication code | dc |
| 050 #4 - LIBRARY OF CONGRESS CALL NUMBER | |
| Classification number | PZ |
| 245 14 - TITLE STATEMENT | |
| Title | The Arabian Nights : |
| Remainder of title | Their Best-known Tales |
| Medium | [electronic resource] |
| 260 ## - PUBLICATION, DISTRIBUTION, ETC. (IMPRINT) | |
| Name of publisher, distributor, etc | Project Gutenberg, |
| Date of publication, distribution, etc | 2007 |
| 505 0# - FORMATTED CONTENTS NOTE | |
| Formatted contents note | The Talking Bird, the Singing Tree, and the Golden Water -- The Story of the Fisherman and the Genie -- The History of the Young King of the Black Isles -- The Story of Gulnare of the Sea -- The Story of Aladdin; or, the Wonderful Lamp -- The Story of Prince Agib -- The Story of the City of Brass -- The Story of Ali Baba and the Forty Thieves -- The History of Codadad and His Brothers -- The Story of Sinbad the Voyager. |
| 506 ## - RESTRICTIONS ON ACCESS NOTE | |
| Terms governing access | Public domain in the USA. |
| 516 ## - TYPE OF COMPUTER FILE OR DATA NOTE | |
| Type of computer file or data note | Electronic text |
| 653 ## - INDEX TERM--UNCONTROLLED | |
| Uncontrolled term | Tales -- Arab countries |
| 653 ## - INDEX TERM--UNCONTROLLED | |
| Uncontrolled term | Fairy tales -- Arab countries |
| 653 ## - INDEX TERM--UNCONTROLLED | |
| Uncontrolled term | Arabs -- Folklore |
| 653 ## - INDEX TERM--UNCONTROLLED | |
| Uncontrolled term | Folklore -- Arab countries |
| 653 ## - INDEX TERM--UNCONTROLLED | |
| Uncontrolled term | Fairy tales |
| 700 1# - ADDED ENTRY--PERSONAL NAME | |
| Personal name | Wiggin, Kate Douglas Smith, |
| Dates associated with a name | 1856-1923 |
| 700 1# - ADDED ENTRY--PERSONAL NAME | |
| Personal name | Parrish, Maxfield, |
| Dates associated with a name | 1870-1966 |
| 700 1# - ADDED ENTRY--PERSONAL NAME | |
| Personal name | Smith, Nora Archibald, |
| Dates associated with a name | 1859-1934 |
| 830 #0 - SERIES ADDED ENTRY--UNIFORM TITLE | |
| Uniform title | Project Gutenberg |
| Volume number/sequential designation | 20916 |
| 856 40 - ELECTRONIC LOCATION AND ACCESS | |
| Uniform Resource Identifier | <a href="http://www.gutenberg.org/ebooks/20916">http://www.gutenberg.org/ebooks/20916</a> |
| 942 ## - ADDED ENTRY ELEMENTS (KOHA) | |
| Koha item type | eBooks |
| Withdrawn status | Lost status | Damaged status | Home library | Current library | Date acquired | Total Checkouts | Date last seen | Price effective from | Koha item type |
|---|---|---|---|---|---|---|---|---|---|
| Project Gutenberg | Project Gutenberg | 08/28/2014 | 08/28/2014 | 08/28/2014 | eBooks |